Państwa w których żyje najwięcej Portugalczyków - Statystyki

Ogólne statystyki
  • Ten quiz został rozwiązany 53 razy
  • Średni wynik to 13 z 22
Statystyki odpowiedzi
Lp. Liczba Portugalczyków Państwo % Poprawnych
12. 184 774 Hiszpania
100%
2. 5 000 000 Brazylia
98%
1. 10 467 336 Portugalia
98%
3. 2 000 000 Francja
94%
4. 1 400 000 Stany Zjednoczone
94%
13. 170 000 Wielka Brytania
92%
6. 550 000 Kanada
82%
20. 42 000 Argentyna
80%
9. 244 217 Niemcy
80%
19. 73 903 Australia
68%
14. 152 616 Chiny
68%
18. 80 000 Belgia
54%
5. 1 355 441 Wenezuela
52%
8. 460 173 Szwajcaria
50%
17. 80 654 Indie
44%
7. 500 000 Angola
42%
11. 200 000 Chile
38%
10. 242 008 Mozambik
30%
15. 151 028 Luksemburg
22%
22. 40 000 Malezja
12%
21. 40 000 Sri Lanka
4%
16. 100 000 Mjanma
2%
Nie znaleziono quizów pasujących do podanych kryteriów
Rozkład punktacji
Procent ludzi z każdym wynikiem
Percentyl według liczby udzielonych odpowiedzi
Twoja historia wyników
Nie rozwiązałeś tego quizu